01403nam a2200241Ia 4500001000900000003001000009008004100019040002500060041001300085100002200098245007400120250001100194260006600205300001200271500025400283501011400537520025400651650004300905942000700948957000600955999004200961952015801003L130-934IT-CnALBA170116s9999||||xx |||||||||||||| ||und|| aIT-CnALBAcIT-CnALBA aITALIANO aBUSNELLI GIOVANNI 0aMANUALE DI TEOSOFIA. PARTE III. COSMOLOGIA E ANTROPOLOGIA TEOSOFICA.  a2a ed. a ROMAbLA CIVILTÀ CATTOLICA EDIZIONI c1915 [1° Ed.: n.d.] a288 p.  aTEOSOFIA E OCCULTISMO. MATERIA PRIMORDIALE. EVOLUZIONE DEL MACROCOSMO. CORPO FISICO E CORPO ETEREO DELL'UOMO. PURIIFICAZIONE DEL CORPO DELL'UOMO. CORPO ASTRALE DELL'UOMO. CORPO MENTALE DELL'UOMO. CORPO CAUSALE CORPO BUDDHICO CORPO ATMICO DELL'UOMO.  aSocietà San Paolo EM - Piazza San Paolo, 14 - 12051 ALBA (CN) (non commercial uses only) ® Copyright 2017 aTEOSOFIA E OCCULTISMO. MATERIA PRIMORDIALE. EVOLUZIONE DEL MACROCOSMO. CORPO FISICO E CORPO ETEREO DELL'UOMO. PURIIFICAZIONE DEL CORPO DELL'UOMO. CORPO ASTRALE DELL'UOMO. CORPO MENTALE DELL'UOMO. CORPO CAUSALE CORPO BUDDHICO CORPO ATMICO DELL'UOMO.  aPSICOLOGIA POPOL. PARAPSICOL. OCCULTIS cBK 71 a1026bSI g Copie: 1 c260163d260163 0010406L_13093471aALBAbALBAd2017-01-16l0oL130-934r2017-01-16 00:00:00w2017-01-16yBKz(data import: 16 gennaio 2017) - By Epidotti, Vaglietti.